000 01829nam a2200193 a 4500
001 000045635
005 20201002052346.0
008 150420s2009 bl ab 000 0 spa d
040 _aDO-SdBNP
_bspa
_cBNPHU
082 _axxxx
_bxxxx
245 0 0 _aApoio internacional ao desenvolvimiento local :
_bexperiências sociais com juventudes no Nordeste /
_cLeilah Landim, Maria Coralina Trevisan (organizadoras) ; Andrés A. Thompson ... [et al.].
260 _aSáo Paulo, Brasil :
_bFundação Peirópolis,
_c2009.
300 _a248 p. :
_bil., mapas, ;
_c24 cm.
504 _aBibliografía : p. 203
500 _aIncluye referencias bibliográficas y notas al pie de las páginas.
505 0 _tReflexões sobre o papel dos financiadores no desenvolvimento social /
_rAndrés A. Thompson --
_tO desenvolvimento do Nordeste brasileiro e os Conjuntos Integrados de Projetos (CIPs) /
_rRui Mesquita Cordeiro --
_tJovens na linha de frente Por Rui Mesquita Cordeiro /
_rRui Mesquita Cordeiro --
_tDesenvolvimento local: Concepção teórica e experiência dos Conjuntos Integrados de Projetos (CIPs) /
_rArturo Jordán --
_tAs possibilidades educacionais nos Conjuntos Integrados de Projetos (CIPs) /
_rRuy Berger Filho --
_tAlianças estratégicas em processos de desenvolvimento local /
_rAntônio Nascimento --
_tApoiando e aprendendo: o papel dos agentes externos no processo de desenvolvimento local /
_rRoseni Sena e Lis Hirano Wittkamper --
_tEstratégias de desenvolvimento local e políticas públicas /
_rBeatriz Azeredo --
_tAnexo I: Referências da Fundação W. K. Kellogg
_tAnexo II: O Nordeste dos CIPs --
_tAnexo III: Investimentos na iniciativa de Conjuntos Integrados de Projetos no Nordeste do Brasil (1999-2010) --
_tAnexo IV: Índice de abreviaturas --
700 1 2 _aLandim, Leilah
_973701
700 1 2 _aTrevisan, Maria Carolina
_973702
999 _c45124
_d45124